Taylor Swift - guess the song with no hints ⭒7 - Statistics

General Stats
  • This quiz has been taken 2,698 times
  • The average score is 274 of 404
Answer Stats
Answer % Correct
I
99%
a
98%
the
97%
The
97%
you
96%
an
93%
we
92%
me
91%
and
90%
And
90%
to
89%
In
86%
in
86%
it
86%
When
86%
when
86%
your
86%
on
85%
be
84%
my
83%
Is
82%
is
82%
love
80%
of
80%
Of
80%
who
80%
like
79%
we're
79%
were
79%
you're
79%
I'm
77%
know
77%
So
77%
what
77%
that
76%
they
76%
don't
75%
us
75%
say,
74%
say
74%
this
73%
This
73%
was
73%
all
72%
it's
72%
not
71%
But
69%
but
69%
can
69%
for
69%
How
68%
how
68%
one
67%
are
66%
Now
66%
now
66%
now,
66%
think
64%
If
63%
story
63%
Why
63%
have
61%
look
61%
would
61%
down
60%
See
60%
see
60%
up
60%
can't
59%
never
59%
end
58%
Oh,
58%
at
57%
day
57%
knew
57%
I'll
56%
tell
56%
'Cause
55%
used
55%
I'd
54%
I've
54%
room
54%
"they're
54%
here
53%
alone
52%
standing
51%
crowded
50%
Looks
50%
lot
50%
next
50%
out
50%
saw
50%
yeah
50%
dying
49%
met
49%
should
49%
speaking
49%
tragedy
49%
even
48%
killing
48%
things
48%
place
47%
chapter
46%
ones"
46%
we'd
46%
wish
46%
way?
45%
you'd
45%
fall
44%
lucky
44%
People
44%
sparks
44%
than
44%
twist
44%
ending
43%
flew
43%
many
43%
mind
43%
miss
43%
side
43%
best
42%
empty
42%
instantly
42%
spot
42%
through
42%
better
41%
break
41%
fate
41%
page
41%
seat
41%
liked
40%
might
40%
searching
40%
soon
40%
broke
39%
nothing?
39%
heard
38%
walls
38%
act
37%
care
37%
doing
37%
hands
37%
lead
37%
looking
37%
loud
37%
quite
37%
simple
37%
trying
37%
lately
36%
less
36%
silence
36%
How'd
35%
pretending
35%
since
35%
complication
34%
fight
34%
held
34%
avoid
33%
contest
33%
losing
33%
starting
33%
busy
32%
rather
32%
armor
31%
pride
31%
lay
30%
nervously
30%
pulling
29%
scared
29%
battle's
28%
clothes
28%
Miscommunications
27%
No matching quizzes found
Score Distribution
Percent of People with Each Score
Percentile by Number Answered
Your Score History
You have not taken this quiz